[Event "World Cup 2023"]
[Site "Baku, Azerbaijan"]
[Date "2023.07.30"]
[Round "1.22"]
[White "Ivanisevic Ivan (SRB)"]
[Black "Michalik Peter (CZE)"]
[Result "1/2-1/2"]
[WhiteFideId "912417"]
[BlackFideId "14907526"]
[WhiteElo "2536"]
[BlackElo "2582"]

1. d4 {[%clk 01:30:56]} {[%emt 00:00:03]} Nf6 {[%clk 01:30:54]} {[%emt
00:00:06]} 2. Nf3 {[%clk 01:31:20]} {[%emt 00:00:06]} d5 {[%clk 01:31:06]}
{[%emt 00:00:18]} 3. Bf4 {[%clk 01:31:41]} {[%emt 00:00:09]} c5 {[%clk
01:31:16]} {[%emt 00:00:20]} 4. e3 {[%clk 01:32:04]} {[%emt 00:00:08]} e6
{[%clk 01:31:09]} {[%emt 00:00:36]} 5. Nbd2 {[%clk 01:32:06]} {[%emt 00:00:28]}
Qb6 {[%clk 01:31:01]} {[%emt 00:00:38]} 6. Rb1 {[%clk 01:31:11]} {[%emt
00:01:25]} cxd4 {[%clk 01:29:38]} {[%emt 00:01:53]} 7. exd4 {[%clk 01:28:27]}
{[%emt 00:03:14]} Bd7 {[%clk 01:27:38]} {[%emt 00:02:30]} 8. c3 {[%clk
01:22:34]} {[%emt 00:06:23]} Bb5 {[%clk 01:26:32]} {[%emt 00:01:36]} 9. Bxb5+
{[%clk 01:19:13]} {[%emt 00:03:52]} Qxb5 {[%clk 01:26:55]} {[%emt 00:00:06]} 10.
a4 {[%clk 01:19:38]} {[%emt 00:00:06]} Qa6 {[%clk 01:23:07]} {[%emt 00:04:17]}
11. Qb3 {[%clk 01:12:00]} {[%emt 00:08:08]} Nbd7 {[%clk 01:15:09]} {[%emt
00:08:27]} 12. Qb5 {[%clk 01:10:54]} {[%emt 00:01:37]} Nh5 {[%clk 01:06:43]}
{[%emt 00:08:56]} 13. Be3 {[%clk 01:01:28]} {[%emt 00:09:56]} Bd6 {[%clk
01:04:50]} {[%emt 00:02:23]} 14. O-O {[%clk 00:51:59]} {[%emt 00:09:59]} Nhf6
{[%clk 00:59:59]} {[%emt 00:05:21]} 15. b3 {[%clk 00:47:53]} {[%emt 00:04:36]}
Qxb5 {[%clk 00:44:52]} {[%emt 00:15:37]} 16. axb5 {[%clk 00:48:06]} {[%emt
00:00:17]} a6 {[%clk 00:45:13]} {[%emt 00:00:09]} 17. Ra1 {[%clk 00:44:48]}
{[%emt 00:03:48]} O-O {[%clk 00:45:15]} {[%emt 00:00:28]} 18. bxa6 {[%clk
00:45:13]} {[%emt 00:00:06]} bxa6 {[%clk 00:45:29]} {[%emt 00:00:15]} 19. Rfc1
{[%clk 00:45:04]} {[%emt 00:00:39]} a5 {[%clk 00:36:43]} {[%emt 00:09:16]} 20.
Ne1 {[%clk 00:40:14]} {[%emt 00:05:19]} Rfb8 {[%clk 00:29:39]} {[%emt
00:07:35]} 21. f3 {[%clk 00:37:04]} {[%emt 00:03:40]} e5 {[%clk 00:24:27]}
{[%emt 00:05:42]} 22. Nd3 {[%clk 00:28:59]} {[%emt 00:08:35]} e4 {[%clk
00:21:47]} {[%emt 00:03:10]} 23. Nc5 {[%clk 00:25:41]} {[%emt 00:03:48]} exf3
{[%clk 00:21:08]} {[%emt 00:01:08]} 24. gxf3 {[%clk 00:20:51]} {[%emt
00:05:20]} Re8 {[%clk 00:19:41]} {[%emt 00:01:57]} 25. Nf1 {[%clk 00:20:00]}
{[%emt 00:01:22]} Nf8 {[%clk 00:17:34]} {[%emt 00:02:37]} 26. Nd3 {[%clk
00:15:26]} {[%emt 00:05:04]} Ne6 {[%clk 00:16:21]} {[%emt 00:01:42]} 27. Ra2
{[%clk 00:13:01]} {[%emt 00:02:56]} h6 {[%clk 00:16:10]} {[%emt 00:00:40]} 28.
Rca1 {[%clk 00:11:22]} {[%emt 00:02:10]} Rab8 {[%clk 00:15:28]} {[%emt
00:01:12]} 29. Nd2 {[%clk 00:09:52]} {[%emt 00:02:00]} Ng5 {[%clk 00:14:22]}
{[%emt 00:01:35]} 30. Re1 {[%clk 00:09:41]} {[%emt 00:00:42]} Bc7 {[%clk
00:11:14]} {[%emt 00:03:38]} 31. Kg2 {[%clk 00:09:09]} {[%emt 00:01:02]} Ne6
{[%clk 00:10:32]} {[%emt 00:01:12]} 32. Bf2 {[%clk 00:04:55]} {[%emt 00:04:44]}
Rec8 {[%clk 00:09:51]} {[%emt 00:01:11]} 33. Be3 {[%clk 00:04:13]} {[%emt
00:01:11]} Bb6 {[%clk 00:07:42]} {[%emt 00:02:40]} 34. Rc1 {[%clk 00:04:29]}
{[%emt 00:00:14]} Nh5 {[%clk 00:07:33]} {[%emt 00:00:39]} 35. Raa1 {[%clk
00:03:41]} {[%emt 00:01:18]} Rb7 {[%clk 00:06:43]} {[%emt 00:01:20]} 36. Nf1
{[%clk 00:02:34]} {[%emt 00:01:38]} Bc7 {[%clk 00:04:58]} {[%emt 00:02:14]} 37.
Rcb1 {[%clk 00:01:05]} {[%emt 00:02:00]} Bd8 {[%clk 00:03:36]} {[%emt
00:01:51]} 38. Nc5 {[%clk 00:01:06]} {[%emt 00:00:29]} Rb5 {[%clk 00:01:40]}
{[%emt 00:02:26]} 39. Nd2 {[%clk 00:01:21]} {[%emt 00:00:15]} Nhf4+ {[%clk
00:01:08]} {[%emt 00:01:02]} 40. Kf1 {[%clk 00:01:33]} {[%emt 00:00:18]} Nxc5
{[%clk 00:00:41]} {[%emt 00:00:56]} 41. dxc5 {[%clk 00:01:50]} {[%emt
00:00:14]} Ne6 {[%clk 00:26:27]} {[%emt 00:04:44]} 42. b4 {[%clk 00:23:44]}
{[%emt 00:08:36]} axb4 {[%clk 00:23:52]} {[%emt 00:03:05]} 43. Rxb4 {[%clk
00:22:44]} {[%emt 00:01:30]} Ra5 {[%clk 00:24:12]} {[%emt 00:00:10]} 44. Rab1
{[%clk 00:22:20]} {[%emt 00:00:54]} Bc7 {[%clk 00:20:24]} {[%emt 00:04:17]} 45.
Nb3 {[%clk 00:12:44]} {[%emt 00:10:07]} Ra2 {[%clk 00:20:28]} {[%emt 00:00:26]}
46. Rd1 {[%clk 00:12:38]} {[%emt 00:00:36]} Rxh2 {[%clk 00:17:42]} {[%emt
00:03:16]} 47. Rxd5 {[%clk 00:12:44]} {[%emt 00:00:24]} g5 {[%clk 00:15:23]}
{[%emt 00:02:49]} 48. Rd2 {[%clk 00:09:29]} {[%emt 00:03:45]} Rh1+ {[%clk
00:15:09]} {[%emt 00:00:43]} 49. Bg1 {[%clk 00:07:15]} {[%emt 00:02:44]} Ra8
{[%clk 00:13:46]} {[%emt 00:01:54]} 50. Kg2 {[%clk 00:06:33]} {[%emt 00:01:12]}
Rh5 {[%clk 00:13:58]} {[%emt 00:00:18]} 51. Rb7 {[%clk 00:04:57]} {[%emt
00:02:06]} Be5 {[%clk 00:11:34]} {[%emt 00:02:53]} 52. c6 {[%clk 00:05:17]}
{[%emt 00:00:11]} Rc8 {[%clk 00:10:59]} {[%emt 00:01:04]} 53. Nd4 {[%clk
00:04:21]} {[%emt 00:01:26]} Nf4+ {[%clk 00:10:45]} {[%emt 00:00:44]} 54. Kf1
{[%clk 00:04:41]} {[%emt 00:00:10]} Bxd4 {[%clk 00:09:11]} {[%emt 00:02:04]} 55.
Rxd4 {[%clk 00:04:54]} {[%emt 00:00:18]} Ne6 {[%clk 00:06:26]} {[%emt
00:03:15]} 56. Rd6 {[%clk 00:04:56]} {[%emt 00:00:27]} Rh3 {[%clk 00:06:32]}
{[%emt 00:00:24]} 57. Ke2 {[%clk 00:04:34]} {[%emt 00:00:52]} g4 {[%clk
00:06:34]} {[%emt 00:00:28]} 58. fxg4 {[%clk 00:02:29]} {[%emt 00:02:35]} Rxc3
{[%clk 00:07:00]} {[%emt 00:00:05]} 59. Rb6 {[%clk 00:02:22]} {[%emt 00:00:37]}
1/2-1/2